Văn học nước ngoài
Gorde:
| Formatua: | Liburua |
|---|---|
| Etiketak: |
Etiketa erantsi
Etiketarik gabe, Izan zaitez lehena erregistro honi etiketa jartzen!
|
| Thư viện lưu trữ: | Mạng thư viện Đại học Đà Nẵng |
|---|
| LEADER | 00665nam a2200205 4500 | ||
|---|---|---|---|
| 001 | 000004630 | ||
| 003 | 770 | ||
| 005 | 20150812140818.0 | ||
| 008 | 110801s sd | ||
| 245 | 0 | 0 | |a Văn học nước ngoài |
| 774 | |d Huế |d Cao đẳng Sư phạm Nghệ An |d 1994 |g Phần 2 |h 174 tr. |t Văn học phương Tây |w 771 | ||
| 774 | |d Nghệ An |d Cao đẳng Sư phạm Nghệ An |d 1994 |g Phần 3 |h 151 tr. |t Văn học Nga - Xô Viết |w 2210 | ||
| OWN | |a LSP | ||
| 999 | |a From the UDN01 | ||
| TYP | |a Monograph | ||
| TYP | |a Printed language | ||
| 980 | |a Mạng thư viện Đại học Đà Nẵng | ||